| 000 | 00530nam a2200169Ia 4500 | ||
|---|---|---|---|
| 003 | LK-CoDNM | ||
| 008 | 010623t xxu||||| |||| 00| 1 sin d | ||
| 040 |
_aLK-CoDNM _dLK-CoDNM _eLK-CoDNM |
||
| 041 | _asin | ||
| 080 | _ax930.26PAN | ||
| 100 | _aPangaweda himi,Gangodagama | ||
| 245 | _aදකුණු දළඳා නිධහිත රුහුණු සෝමාවති චෛත්යය | ||
| 246 | _aDakunu Dalada Nidahitha Ruhunu Somawathi Chaithya | ||
| 260 | _bPiyatissa Padukkage | ||
| 300 | _b cm | ||
| 942 | _cBK | ||
| 999 |
_c138505 _d138505 |
||